| 000 | 01136nam a2200325 i 4500 | ||
|---|---|---|---|
| 001 | 000016555 | ||
| 003 | DO-SdBNP | ||
| 005 | 20250925094247.0 | ||
| 007 | ta | ||
| 008 | 100308 1976 dr 000 0 spa d | ||
| 040 |
_aDO-SdBNP _bspa _cBNPHU _erda |
||
| 041 | _aspa | ||
| 082 | 4 |
_a972.93054 _bM385m _222 |
|
| 100 | 1 |
_aMartínez, Orlando, _d1944-1975 _eautor _4aut. _936804 |
|
| 245 | 1 | 0 |
_aMicroscopio / _cOrlando Martínez ; organización temática y notas, Carlos Dore y Cabral. |
| 250 | _aPrimera edición | ||
| 264 | 1 |
_aSanto Domingo, República Dominicana : _bEdiciones de Taller, _c1976-. |
|
| 300 |
_avolúmenes ; _c24 cm. |
||
| 336 |
_atexto _btxt _2rdacontent |
||
| 337 |
_asin mediasción _bn _2rdamedia |
||
| 338 |
_avolumen _bnc _2rdacarrier |
||
| 490 |
_aBiblioteca Taller _v70 |
||
| 500 | _aIncluye datos biográficos del autor en la página 11-12 | ||
| 500 | _aLa biblioteca posee la primera y la segunda edición | ||
| 590 | _aInventariado, 2025/BT | ||
| 651 | 4 |
_aRepública Dominicana _xPolítica y gobierno _xHistoria _945 |
|
| 700 | 1 |
_aDore y Cabral, Carlos _96975 |
|
| 910 | _aBtavárez | ||
| 942 |
_2ddc _cLBS1 |
||
| 999 |
_c16088 _d16088 |
||